| 000 | 00922nam a2200241 i 4500 | ||
|---|---|---|---|
| 001 | 34795 | ||
| 003 | ES-MaACL | ||
| 005 | 20250815082416.0 | ||
| 007 | t| | ||
| 008 | 030211s1964 sp ||||1| spa d | ||
| 100 | 1 |
_aBonne, Alfred. _930234 |
|
| 245 | 1 | 0 |
_aEstudios sobre desarrollo económico : _bcon especial referencia a las zonas subdesarrolladas de Asia Occidental e India / _cAlfred Bonne ; traducción del inglés por Iluminada García Díaz. |
| 260 |
_a[Madrid] : _bAguilar, _c1964. |
||
| 300 |
_aXIX, 350 p. ; _c22 cm. |
||
| 490 | 1 | _aBiblioteca de ciencias sociales. Economía | |
| 650 | 4 |
_aDesarrollo económico. _9153584 |
|
| 650 | 4 |
_aDesarrollo económico- _zAsia. _911793 |
|
| 700 | 1 |
_aGarcía Díaz, Iluminada. _954533 |
|
| 830 | 1 | 0 |
_aBiblioteca de ciencias sociales (Aguilar). _pEconomía _9181705 |
| 852 |
_aES-MaACL _jC-26745 |
||
| 852 |
_aES-MaACL _jC-27631 |
||
| 999 |
_c34795 _d34795 |
||